| 000 | 01617nam0a2200337 4500 | ||
|---|---|---|---|
| 001 | RU\NLR\bibl\27808 | ||
| 005 | 20260407031006.0 | ||
| 010 |
_a5-89428-027-3 _9150 |
||
| 035 | _a(NLR Aleph) 000027086 | ||
| 090 |
_a132092 _c132092 |
||
| 100 | _a19990517d1998 |||y0rusy50 ca | ||
| 101 | 0 | _arus | |
| 102 | _aRU | ||
| 105 | _a||||||||||||| | ||
| 200 | 1 |
_aКаталог полевых записей языков народов Сибири _e(Фонды Лаб. яз. народов Сибири Том. гос. пед. ун-та) _fМ-во общ. и проф. образования Рос. Федерации, Том. гос. пед. ун-т _g[Сост.: И.А. Ильяшенко и др. _eПод ред. к.филол.н., доц. А.А. Ким] |
|
| 210 |
_aТомск _cТом. гос. пед. ун-т _d1998 |
||
| 215 |
_a190 с. _d20 |
||
| 606 | 0 |
_aЯзыки народов Сибири _xДиалектология _92000391 _3RU\NLR\auth\661204326 |
|
| 686 | _aШ12/17(251)-5 | ||
| 702 | 1 |
_aИльяшенко _bИ. А. _gИрина Анатольевна _4220 |
|
| 702 | 1 |
_aКим _bА. А. _gАлексанлра Аркадьевна _4340 |
|
| 711 | 0 | 2 |
_aТомский государственный педагогический университет _bЛаборатория языков народов Сибири _3RU\NLR\AUTH\8810012944 _9523732 |
| 801 | 0 |
_aRU _bNLR _c19990517 _gPSBO |
|
| 801 | 1 |
_aRU _bNLR _c19990517 |
|
| 830 | _aсост.и ред.по кн. | ||
| 852 |
_aNLR _jС К-2/7466 |
||
| 942 | _cBOOK | ||
| 980 | _aNB | ||